Statistics for Famous People from Southeast Asia

Click here to take the quiz!

General Stats

  • This quiz has been taken 72 times
    (54 since last reset)
  • The average score is 8 of 20

Answer Stats

ClueNationPerson% Correct
Notorious Cambodian prime ministerCambodiaPol Pot
69%
Second Indonesian presidentIndonesiaSuharto
69%
President of the Communist VietnamVietnamHo Chi Minh
65%
Philippines President with namesake of metro Manila's most populous cityPhilippinesManuel L. Quezon
59%
Current president of the PhilippinesPhilippinesRodrigo Duterte
59%
Leader of the Indonesian independence and first presidentIndonesiaSukarno
59%
The founding father of modern SingaporeSingaporeLee Kuan Yew
57%
Nobel Peace Prize winner placed under house arrest for 15 yearsMyanmarAung San Suu Kyi
55%
Most famous boxer of the PhilippinesPhilippinesManny Pacquiao
53%
Chinese actor and martial artist who became a Singaporean citizen in 2009SingaporeJet Li
51%
Former first lady of the Philippines and shoe collectorPhilippinesImelda Marcos
47%
K-Pop idol who is a member of the Korean girl group "BLACKPINK"ThailandLisa
41%
The longest-reigning monarch in Thai history that died recently in 2016ThailandBhumibol Adulyadej
33%
The third Secretary-General of the United Nations, 1961-71MyanmarU Thant
33%
"Crouching Tiger, Hidden Dragon" and "Memoirs of a Geisha" actressMalaysiaMichelle Yeoh
29%
Malaysian prime minister who was arrested in 2018 for corruptionMalaysiaNajib Razak
18%
East Timorese president and Nobel Peace Prize winnerEast TimorJosé Ramos-Horta
16%
"Stand and Deliver" and "La Bamba" actorPhilippinesLou Diamond Philips
14%
President of South Vietnam who was killed during the 1963 military coupVietnamNgo Dinh Diem
12%
"Curse of the Golden Flower" and "Raise the Red Latern" actressSingaporeGong Li
8%

Score Distribution

Percentile by Number Answered

Percent of People with Each Score

Your Score History

You have not taken this quiz since the last reset